Fr. Conceicao Rodrigues College of Engineering

Engineering Mechanics.Vol 1 (Record no. 35339)

MARC details
000 -LEADER
fixed length control field 00339nam a2200157Ia 4500
082 ## - DEWEY DECIMAL CLASSIFICATION NUMBER
Classification number 620.1
Item number MOK
100 ## - MAIN ENTRY--PERSONAL NAME
Personal name Mokashi V.S.
245 ## - TITLE STATEMENT
Title Engineering Mechanics.Vol 1
260 ## - PUBLICATION, DISTRIBUTION, ETC.
Name of publisher, distributor, etc. Tata Mc Graw hill
Place of publication, distribution, etc. New Delhi
Date of publication, distribution, etc. 1995
300 ## - PHYSICAL DESCRIPTION
Extent 536
490 ## - SERIES STATEMENT
Volume/sequential designation I
546 ## - LANGUAGE NOTE
Language note ENGLISH
654 ## - SUBJECT ADDED ENTRY--FACETED TOPICAL TERMS
Focus term Mechanics.vol 1
942 ## - ADDED ENTRY ELEMENTS (KOHA)
Koha item type BOOK
Holdings
Withdrawn status Lost status Damaged status Not for loan Collection Home library Current library Date acquired Source of acquisition Cost, normal purchase price Inventory number Total Checkouts Full call number Barcode Date last seen Cost, replacement price Price effective from Koha item type
        CRC Fr. Agnel's C.Rodrigues College of Engineering Fr. Agnel's C.Rodrigues College of Engineering 17/03/2023 global books 112.00 29   620.1 MOK 8240 17/03/2023 112.00 17/03/2023 BOOK
        CRC Fr. Agnel's C.Rodrigues College of Engineering Fr. Agnel's C.Rodrigues College of Engineering 17/03/2023 global books 96.00     620.1 MOK 8241 17/03/2023 96.00 17/03/2023 BOOK